History Quiz

Random History or Country Quiz

Historical Flags Quiz Stats

 Plays Quiz Updated Apr 11, 2019

Support Sporcle.
Go Orange.
Score 0/20 Timer 06:00
2 Plays Today
% Correct
Kingdom of Great Britain 1707 - 1801
98.2%
United States of America 1777 - 1795
95%
Empire of the Great Qing (China) 1890 - 1911
85.6%
British India 1858 - 1947
72%
Mexico 1864-1867
69.3%
Empire of Brazil 1822 - 1889
69.1%
Rwanda 1962 - 2001
65.1%
Spanish Republic 1931 - 1939
61.7%
Ceylon (Sri Lanka) 1948 - 1951
55.9%
South Africa 1928 - 1994
54.4%
% Correct
Canada 1957 - 1965
53.7%
Kingdom of France 1632 - 1790
53.3%
Libya 1977-2011
52.4%
Siam (Thailand) 1912 - 1917
51.4%
Costa Rica 1848 - 1906
35.5%
Zaire (Democratic Republic of the Congo) 1971 -1997
28.9%
Republic of Iraq 1959 - 1963
26.5%
Peru 1820 -1822
24.8%
Kirghiz Soviet Socialist Republic (Kyrgyzstan) 1952 -1991
14.4%
Ecuador 1845 - 1860
8.5%

You're not logged in!

Compare scores with friends on all Sporcle quizzes.
OR
Log In

From the Vault

5 Areas of Chemistry

by Ali1

Our favorite kind of chemistry is the kind with the bubbling liquids in funky shaped glasses.
Remove Ads.
Support Sporcle.
Get the best of Sporcle when you Go Orange. This ad-free experience offers more features, more stats, and more fun while also helping to support Sporcle. Thank you for becoming a member.

Show Comments

Extras

Top Quizzes Today


Score Distribution

Your Account Isn't Verified!

In order to create a playlist on Sporcle, you need to verify the email address you used during registration. Go to your Sporcle Settings to finish the process.

Report this User

Report this user for behavior that violates our Community Guidelines.

Details: